|
|
|
|
| LEADER |
02520nam a2200397 a 4500 |
| 001 |
36817 |
| 003 |
BD-DhAAL |
| 005 |
20211122120051.0 |
| 008 |
191226t2010 paua b 001 0 eng d |
| 999 |
|
|
|c 41546
|d 41546
|
| 010 |
|
|
|a 2010021314
|
| 020 |
|
|
|a 9789027219978 (pbk. : alk. paper)
|
| 020 |
|
|
|a 9789027219961 (hc : alk. paper)
|
| 020 |
|
|
|a 9789027287953 (eb : alk. paper)
|
| 040 |
|
|
|a DLC
|c DLC
|d DLC
|d BD-DhAAL
|
| 042 |
|
|
|a pcc
|
| 050 |
0 |
0 |
|a P118
|b .E87 2010
|
| 082 |
0 |
0 |
|a 401.93
|2 22
|
| 245 |
0 |
0 |
|a Experimental methods in language acquisition research /
|c edited by Elma Blom, Sharon Unsworth.
|
| 260 |
|
|
|a Philadelphia :
|b John Benjamins Pub. Company,
|c 2010.
|
| 300 |
|
|
|a vii, 292 pages :
|b illustrations ;
|c 24 cm.
|
| 490 |
0 |
|
|a Language learning & language teaching ;
|v 27
|
| 504 |
|
|
|a Includes bibliographical references and index.
|
| 505 |
0 |
|
|a Introduction -- Production methods in language acquisition research / Sonja Eisenbeiss -- Using comprehension methods in language acquisition research / -- Cristina Schmitt & Karen Miller -- Using magnitude estimation in developmental linguistic research / Antonella Sorace -- Using infant and toddler testing methods in language acquisition research / Elizabeth Johnson & Tania Zamuner -- Using event-related potentials in language acquisition research / Judith Rispens & Evelien Krikhaar -- Using eye-tracking in language acquisition research / Julie C. Sedivy -- Using on-line processing methods in language acquisition research / Theodoros Marinis -- Using computational modeling in language acquisition research / Lisa Pearl -- Measuring second language proficiency / Jan H. Hulstijn.
|
| 526 |
|
|
|a ENH
|
| 541 |
|
|
|a Trim Education
|e 36817, 36818
|
| 650 |
|
0 |
|a Language acquisition
|x Research
|x Methodology.
|9 38549
|
| 650 |
|
0 |
|a Second language acquisition
|x Research
|x Methodology.
|9 38550
|
| 650 |
|
0 |
|a Bilingualism in children
|x Research
|x Methodology.
|9 38551
|
| 650 |
|
0 |
|a English language.
|9 42978
|
| 700 |
1 |
|
|a Blom, Wilhelmina Bernardina Theodora,
|d 1972-
|9 38552
|
| 700 |
1 |
|
|a Unsworth, Sharon.
|9 38553
|
| 852 |
|
|
|a Ayesha Abed Library
|c General Stacks
|
| 942 |
|
|
|2 ddc
|c BK
|
| 952 |
|
|
|0 0
|1 0
|2 ddc
|4 0
|6 401_930000000000000_EXP
|7 0
|9 67466
|a BRACUL
|b BRACUL
|c GEN
|d 2019-12-17
|e Trim Education
|g 6500.00
|l 0
|o 401.93 EXP
|p 3010036818
|r 2019-12-17
|t 2
|v 6500.00
|w 2019-12-17
|y BK
|
| 952 |
|
|
|0 0
|1 0
|2 ddc
|4 0
|6 401_930000000000000_EXP
|7 0
|9 67467
|a BRACUL
|b BRACUL
|c GEN
|d 2019-12-17
|e Trim Education
|g 6500.00
|l 0
|o 401.93 EXP
|p 3010036817
|r 2019-12-17
|t 1
|v 6500.00
|w 2019-12-17
|y BK
|